| 000 | 00774nam a22001817a 4500 | ||
|---|---|---|---|
| 005 | 20241127112434.0 | ||
| 010 | _aHIN-128824 | ||
| 020 |
_a9788171491094 _c300.00 |
||
| 035 | _aHN-101170 | ||
| 037 | _bDBAD | ||
| 082 | _a820.08 | ||
| 100 |
_aशर्मा, हरीश कुमार _974096 |
||
| 245 |
_aतुलसी - साहित्य का आधुनिक संदर्भ / _cहरीश कुमार शर्मा |
||
| 260 |
_aदिल्ली _bसाहित्य सहकार _c2021 |
||
| 270 |
_a29/62-बी, गली नं. 11, विश्वास नगर , _bदिल्ली _e110032 |
||
| 300 |
_a96पृ. _c22सेमी(सजिल्द) |
||
| 942 |
_2ddc _cHN _h820.08 _mशर्माह |
||
| 999 |
_c207037 _d207037 |
||